Представление документа в формате RUSMARC

ПолеНазваниеЗначение
  Тип записи a
  Библиографический уровень c
001 Контрольный номер RU/SLIB/B/208772618
005 Дата корректировки 20240129152621.5
010 Индекс ISBN __
d Цена 2-20
100 Данные общей обработки __
a Данные общей обработки 20240129d1983 m y0rusy028902 ca
101 Язык документа 0_
a Язык текста rus
102 Страна публикации __
a Страна публикации RU
105 Кодированные данные (монография) __
a Кодированные данные (монография) y z 000ay
181 Поле кодированных данных: вид содержания _0
a Код вида содержания (ISBD) i
182 Поле кодированных данных: тип средства _0
a Код типа средства (ISBD) n
200 Заглавие и сведения об ответственности 1_
a Заглавие Повести и рассказы
f Первые сведения об ответственности И. С. Шмелев
b Общее обозначение материала Текст
210 Выходные данные 1_
a Место издания М.
c Издательство Худож. лит.
d Дата издания 1983
215 Физическое описание __
a Объем 445 с.
606 Тематические рубрики __
a Основная рубрика Художественная литература
z Хронологическая подрубрика 1873-1950 гг.; 19 в.; 20 в.
y Географическая подрубрика Россия
2 Код системы nlr_sh
606 Тематические рубрики __
a Основная рубрика Русская литература в целом (произведения)
2 Код системы nlr_sh
610 Ключевые слова 0_
a Ключевые слова тема добра; повести; рассказы
686 Индексы других классификаций __
a Классификационный индекс 84(2=411.2)53-4
2 Код системы rubbks
700 Автор _1
a Фамилия Шмелев
b Имя И. С.
g Полное личное имя Иван Сергеевич
4 Код отношения 070
f Даты 1873-1950
801 Источник записи _0
a Страна RU
b Организация Муниципальное бюджетное учреждение культуры "Централизованная библиотечная система" г. Сургут (Центральная городская библиотека им. А. С. Пушкина)
g Правила каталогизации PSBO
801 Источник записи _1
a Страна RU
b Организация Муниципальное бюджетное учреждение культуры "Централизованная библиотечная система" г. Сургут (Центральная городская библиотека им. А. С. Пушкина)
g Правила каталогизации PSBO
852 Данные о местонахождении __
j Шифр хранения 84(2=411.2)53-4
i Авторский знак Ш 72
p Инвентарный номер 17781
901 Тип документа __
t Тип документа x
a Ответственный КиК/Лебедева
901 Тип документа __
a Ответственный СКБР2024
903 Характеристики (МАРС) __
c Наименование библиотеки (МАРС) Муниципальное бюджетное учреждение культуры "Централизованная библиотечная система" г. Сургут (Центральная городская библиотека им. А. С. Пушкина)
969 Тип издания __
a Тип издания сборник
990 Данные о заказе (DOS) __
j Количество экземпляров (DOS) 6